Map-reading skills of Standard Six pupils in two schools in Selangor /
Saved in:
| Main Author: | |
|---|---|
| Format: | Thesis Book |
| Language: | English |
| Published: |
1982
|
| Subjects: | |
| Tags: |
Add Tag
No Tags, Be the first to tag this record!
|
| LEADER | 01289cam a2200313 4500 | ||
|---|---|---|---|
| 001 | u31217 | ||
| 003 | SIRSI | ||
| 008 | 830624s1982 my t 00 1 eng m | ||
| 015 | |a X830003069 | ||
| 035 | |a AAD-3679 | ||
| 040 | |a UMM | ||
| 043 | |a a-my-se | ||
| 090 | |a LB1583 |b Tan | ||
| 091 | |a Microfiche 8513 | ||
| 100 | 1 | 0 | |a Tan, Wooi Sim, |d 1950- |
| 245 | 1 | 0 | |a Map-reading skills of Standard Six pupils in two schools in Selangor / |c by Tan Wooi Sim |
| 260 | |c 1982 | ||
| 300 | |a xii, 151p. : |b ill., maps [col.] ; |c 28cm | ||
| 500 | |a Also available on microfiche. Kuala Lumpur : Perpustakaan Universiti Malaya, 1983. 3 microfiches : negative ; 11x15cm | ||
| 502 | |a Dissertation (M.Ed.) - Fakulti Pendidikan, Universiti Malaya, 1982 | ||
| 504 | |a Bibliography: leaves 106-110 | ||
| 650 | 0 | |a Maps |x Study and teaching (Elementary) |z Selangor | |
| 710 | 2 | 0 | |a Universiti Malaya. |b Fakulti Pendidikan. |
| 948 | |a 16/03/1991 |b 29/07/2002 | ||
| 596 | |a 1 8 | ||
| 999 | |a LB1583 TAN |w LC |c 1 |i A002700107 |l STACKS |m P01UTAMA |r Y |s Y |t TESIS |u 22/1/1992 | ||
| 999 | |a LB1583 TAN |w LC |c 1 |i A506700207 |l STACKS |m P08PENDIDI |r Y |s Y |t TESIS |u 12/11/1997 | ||
| 999 | |a LB1583 TAN |w LC |c 2 |i A511075991 |l STACKS |m P08PENDIDI |r Y |s Y |t TESIS |u 9/4/2003 | ||
| 999 | |a LB1583 TAN |w LC |c 3 |i A511077793 |l STACKS |m P08PENDIDI |r Y |s Y |t TESIS |u 9/4/2003 | ||
